| 000 | 00896nam a2200277 i 4500 | ||
|---|---|---|---|
| 001 | 9463 | ||
| 003 | ES-MaACL | ||
| 005 | 20250824201529.0 | ||
| 007 | t| | ||
| 008 | 930914s1992 sp ||||1| spa d | ||
| 020 | _a84-86168-70-8 (FGSR) | ||
| 020 | _a84-368-0695-6 (Pirámide) | ||
| 080 | _a025.4 | ||
| 100 | 1 |
_aPinto Molina, María. _992233 |
|
| 245 | 1 | 3 |
_aEl Resumen documental _b: principios y métodos / _cMaría Pinto Molina. |
| 260 |
_aMadrid ; _aSalamanca : _bFundación Germán Sánchez Ruipérez ; _aMadrid : _bPirámide, _cD.L. 1992. |
||
| 300 |
_a584 p. ; _c22 cm. |
||
| 490 | 1 |
_aBiblioteca del libro ; _vY |
|
| 500 | _aIndices. | ||
| 504 | _aBibliografia: p. 379-398. | ||
| 650 | 1 | 4 |
_aResumen documental. _916879 |
| 650 | 1 | 4 |
_aAnálisis documental. _99766 |
| 830 | 0 | 0 |
_aBiblioteca del libro _vY _9177916 |
| 852 |
_aES-MaACL _jL-16763 _bR.121542 |
||
| 999 |
_c9463 _d9463 |
||